Регионална библиотека "Любен Каравелов" - Русе

Войната ВИС - СИК (Запис номер 70906)

MARC детайли
000 -Лидер
Контролно поле с фиксирана дължина 01846nam a2200409 c 4500
003 - Код на организацията, давaща контролен номер
Контролно поле BLK
005 - Дата и час на последна редакция
Контролно поле 20250402174123.0
008 - Елементи от данни с фиксирана дължина
fixed length control field 180408b bul|||||r ||||||| ||bul||
010 ## - Наследен системен номер
LC control number KNG00075269000
020 ## - Международен стандартен номер на книга ISBN
Международен стандартен номер на книга ISBN 978-954-340-048-5
-- издат.: Ню медиа груп
040 ## - Източник на каталожния запис
Идентификатор на билиотеката - собственик на записа BLK
041 ## - Код за език
Код за езика на текст/звукозапис или на отделно заглавие Български
Код за езика КДБФ Български
080 ## - УДК
Текстов определител УДК Вътрешна политика. Вж и 329
УДК код - определител по УДК 323
УДК определител (497.2)(0:82-3)
УДК - код + определител 323(497.2)(0:82-3)
080 ## - УДК
Текстов определител УДК Специална част на наказателното право. Видове наказуеми действия - Срещу собствена или чужда държава и управлението, политически престъпления,геноцид(прав.аспекти), наркотрафик, против мира, обществен
УДК код - определител по УДК 343.3/.7
УДК определител (497.2)(02.062)
УДК - код + определител 343.3/.7(497.2)(02.062)
080 ## - УДК
Текстов определител УДК Българска литература
УДК код - определител по УДК 821.163.2
УДК определител -3
УДК - код + определител 821.163.2-3
100 1# - Редна дума - Автор
Автор Златков, Димитър
Авторска отговорност първи автор
R(LIN) 292979
139 ## - Редно поле
Редна дума Златков, Димитър
Авторски знак Злати - З 73
245 10 - Сведения за заглавието
Заглавие Войната ВИС - СИК
Редно поле (дума) Димитър Златков.
257 ## - Страна на издаване
Страна на създаване/издаване България
260 ## - Област на издателските данни
-- София
Име на издателя, разпространителя и проч. Ню медиа груп
Година на издаване 2007
Печатница София : Мултипринт
300 ## - Физическа характеристика
Страници 372 с.
Размери/Мащаб 20 см
380 ## - Жанр
Жанр Обществени науки
500 ## - Общи забележки
Забележка Офс. изд.
650 #4 - Допълнително описание по предмет – тема
Основно описание – тема или топоним Мафия - България
9 (RLIN) 250884
650 #4 - Допълнително описание по предмет – тема
Основно описание – тема или топоним Престъпления - България
9 (RLIN) 256119
651 #4 - Допълнително описание по предмет - топоним
Географско понятие България
9 (RLIN) 241624
653 ## - Ключова дума – ненормативна
Ключова дума ВИС
653 ## - Ключова дума – ненормативна
Ключова дума СИК
653 ## - Ключова дума – ненормативна
Ключова дума мафия
653 ## - Ключова дума – ненормативна
Ключова дума организирана престъпност
852 ## - Местоположение
Форматна сигнатура Цб 234063
856 4# - Електронен адрес и достъп
Електронен формат pdf - файл
Път до файла /url/
856 4# - Електронен адрес и достъп
Електронен формат pdf - файл
Път до файла /url/
942 ## - АРТИКУЛИ
Вид на библиотечния материал Книги
Скрит в OPAC Не
Koha issues (borrowed), all copies 12
944 ## - СЪЗДАВАНЕ И РЕДАКЦИЯ на ЗАПИСА
Създаване/Редакция Създаване
Дата на регистрацията/редакция 28.05.2007
Служител, извършил регистрацията/редакцията 30575
Статус, дата на статуса Мартин Енчев
944 ## - СЪЗДАВАНЕ И РЕДАКЦИЯ на ЗАПИСА
Създаване/Редакция Редакция
Дата на регистрацията/редакция 26.11.2008
Служител, извършил регистрацията/редакцията
999 ## - СИСТЕМНИ КОНТРОЛНИ НОМЕРА
Koha biblionumber 70906
Koha biblioitemnumber 70906
Наличности
Код за отписване Код за изгубен артикул Код за повреда Коз за рестрикции Код за отдаване Артикулен № Име на библиотеката - собственик Име на библиотеката, в която се намира в момента Статус (Текущо местоположение) Дата на вписване в системата Местоположение - отдел Цена в лева Инвентарен номер Систематично азбучна сигнатура Баркод Номер на екземпляра Цена в евро Служебна бележка Служебен тип на артикула
  Не е изгубен Не е повреден без рестрикции заемане за дома 115795 Регионална библиотека "Любен Каравелов" Русе Регионална библиотека "Любен Каравелов" Русе Заемна - подръчен фонд 2007-05-28 Заемна - подръчен фонд 6.00 120000713845 П 323(497.2)/З 73 120000713845 1 3.07 Дост: Pk Вид: Ф N: 38 Дата: 08.05.2007 Дата инв: 02.02.2018 Бележки инв: П2018 Книги
  Не е изгубен Не е повреден без рестрикции ползва се в читалня 115796 Регионална библиотека "Любен Каравелов" Русе Регионална библиотека "Любен Каравелов" Русе Хранилище 2008-01-28 Хранилище 6.00 120000722531 Цб 234063 120000722531 2 3.07 Дост: Dp Вид: Д N: 42 Дата: 27.09.2007 Книги
  Не е изгубен Не е повреден без рестрикции заемане за дома 115797 Регионална библиотека "Любен Каравелов" Русе Регионална библиотека "Любен Каравелов" Русе Заемна - подръчен фонд 2008-06-12 Заемна - подръчен фонд 8.00 120000727091 П 323(497.2)/З 73 120000727091 3 4.09 Дост: Pk Вид: Ф N: 188 Дата: 12.06.2008 Дата инв: 02.02.2018 Бележки инв: П2018 Книги
Vip Innovations Ltd, Rousse, Bulgaria 2025